Rimas y leyendas
Guardat en:
| Autor principal: | |
|---|---|
| Format: | Llibre |
| Idioma: | espanyol |
| Publicat: |
Ciudad de México
Novaro México
1956
|
| Col·lecció: | Nova-Mex, 48
|
| Matèries: | |
| Etiquetes: |
Afegir etiqueta
Sense etiquetes, Sigues el primer a etiquetar aquest registre!
|
MARC
| LEADER | 00000nam a2200000 a 4500 | ||
|---|---|---|---|
| 001 | UCQ1342 | ||
| 003 | CL-VaPUC | ||
| 008 | 980709e19560000MX |||||||||||||||||spa|d | ||
| 082 | 0 | 4 | |a 861 |b BEC |2 21 |
| 100 | 0 | |a Bécquer, Gustavo Adolfo |e author |9 317836 | |
| 245 | 1 | 0 | |a Rimas y leyendas |
| 300 | |a 185 p | ||
| 942 | |c BK | ||
| 945 | |d 19980709 00:00:00 |a lriquelm | ||
| 260 | |a Ciudad de México |b Novaro México |c 1956 | ||
| 650 | 0 | |a Poesías españolas |9 265100 | |
| 650 | 0 | |a Leyendas españolas |9 347160 | |
| 650 | 0 | |a Literatura española |9 306261 | |
| 583 | |a last modification |c 19980709 00:00:00 |k Rodrigo Vera | ||
| 490 | 0 | |a Nova-Mex, 48 | |
| 999 | |c 272342 |d 272340 | ||
| 952 | |0 0 |1 0 |4 0 |6 861_000000000000000_BEC_1956 |7 0 |8 A |9 307243 |a BIBEDU |b BIBEDU |d 2019-11-20 |i 1434888 |o 861 BEC 1956 |p 1434888 |r 2019-11-20 |w 2019-11-20 |y BK |k LIT | ||